[Event "IX C.to Europeo a squadre"]
[Site "Haifa ISR"]
[Date "1989.11.??"]
[Round "8.5"]
[White "Sanna, Gianlazzaro"]
[Black "Norri, Joose"]
[Result "0-1"]
[WhiteElo "2370"]
[BlackElo "2370"]
[Annotator "ITA-FIN"]
[PlyCount "176"]
[EventDate "1989.11.23"]

1. d4 g6 2. Nf3 Bg7 3. c4 d6 4. g3 c6 5. Bg2 a6 6. Nc3 b5 7. cxb5 axb5 8. O-O
Nf6 9. b4 O-O 10. a4 bxa4 11. Rxa4 Rxa4 12. Qxa4 Ba6 13. Be3 Nfd7 14. Nd2 c5
15. Nb3 Nb6 16. Qa5 cxb4 17. Qxb4 Nc4 18. Bf4 Qb6 19. Qxb6 Nxb6 20. Nd5 Nxd5
21. Bxd5 e5 22. Bg5 exd4 23. Bf3 Nd7 24. Rd1 Ne5 25. Nxd4 Nxf3+ 26. exf3 Rc8
27. Kg2 Rc3 28. Bf4 Rd3 29. Rxd3 Bxd3 30. Nc6 Bf8 31. Be3 f6 32. Nb4 Bb5 33. f4
Kf7 34. Kf3 Ke6 35. Bd4 Be7 36. Ke3 Bd8 37. Ke4 Ba5 38. Bc3 Bb6 39. Bd4 Bc5 40.
Na2 f5+ 41. Ke3 Kd5 42. Nc3+ Kc4 43. Bxc5 Kxc5 44. Kd2 Bc6 45. Ke3 Bb5 46. Kd2
d5 47. Nd1 d4 48. Nb2 Kd5 49. f3 Bc6 50. Nd1 Kc5 51. Nf2 Kb4 52. Nh3 h6 53. Nf2
Kc5 54. g4 Bb5 55. h4 h5 56. gxh5 gxh5 57. Nh3 Bc6 58. Ng5 Bd5 59. Kd3 Bg8 60.
Nh3 Bc4+ 61. Kd2 Bd5 62. Ng1 Kc4 63. Ne2 Bxf3 64. Ng3 Bg4 65. Nf1 d3 66. Ke3
Kc3 67. Nd2 Bh3 68. Nb1+ Kb2 69. Nd2 Kc2 70. Nc4 Bg2 71. Nd2 Bb7 72. Nc4 Ba6
73. Nd2 Kc1 74. Nb3+ Kd1 75. Nc5 Ke1 76. Nb3 Kf1 77. Nc5 Bc4 78. Nd7 Kg2 79.
Nf6 Bf7 80. Nd7 Kg3 81. Ne5 Be8 82. Nxd3 Kxh4 83. Kf3 Bc6+ 84. Kf2 Bd5 85. Ne5
Be4 86. Nc4 Kg4 87. Ne3+ Kxf4 88. Nf1 h4 0-1

[Event "IX C.to Europeo a squadre"]
[Site "Haifa ISR"]
[Date "1989.11.??"]
[Round "8.6"]
[White "Nokso-Koivisto, Antti"]
[Black "Lanzani, Mario"]
[Result "1-0"]
[WhiteElo "2320"]
[BlackElo "2310"]
[Annotator "ITA-FIN"]
[PlyCount "73"]
[EventDate "1989.11.23"]

1. e4 c5 2. Nf3 d6 3. d4 cxd4 4. Nxd4 Nf6 5. Nc3 a6 6. Be2 e6 7. a4 Be7 8. O-O
O-O 9. f4 Nc6 10. Be3 Qc7 11. Kh1 Re8 12. Qe1 Bd7 13. Qg3 Nxd4 14. Bxd4 Bc6 15.
e5 dxe5 16. fxe5 Ne4 17. Qf4 Bg5 18. Qg4 Nxc3 19. Bxc3 Be7 20. Rf4 b5 21. Raf1
Rf8 22. Qh5 g6 23. Qh6 b4 24. Bd4 Bxa4 25. R4f3 Bd8 26. Rh3 f5 27. exf6 Rf7 28.
Bd3 Bxc2 29. Bxc2 Qxc2 30. Qxh7+ Rxh7 31. f7+ Kf8 32. Rxh7 Bg5 33. Rh8+ Ke7 34.
Rxa8 Bh6 35. Be5 Qc5 36. Re8+ Kd7 37. Rd1+ 1-0

[Event "IX C.to Europeo a squadre"]
[Site "Haifa ISR"]
[Date "1989.11.??"]
[Round "9.1"]
[White "D'Amore, Carlo"]
[Black "Sznapik, Aleksander"]
[Result "1-0"]
[WhiteElo "2410"]
[BlackElo "2450"]
[Annotator "ITA-POL"]
[PlyCount "105"]
[EventDate "1989.11.23"]

1. Nf3 g6 2. d4 Bg7 3. g3 Nf6 4. Bg2 O-O 5. O-O d6 6. b3 c6 7. Bb2 a5 8. a4 Na6
9. h3 Bf5 10. Nbd2 Ne4 11. Nh4 Nxd2 12. Qxd2 Bd7 13. Qc1 Qc8 14. Kh2 c5 15. e3
Bc6 16. c4 Bxg2 17. Nxg2 Nb4 18. d5 Bxb2 19. Qxb2 Qf5 20. Qe2 Rad8 21. e4 Qf6
22. Rac1 e5 23. Rc3 Rde8 24. g4 Kh8 25. Rg3 Qe7 26. Ne3 Qg5 27. Rf3 h5 28. h4
Qxh4+ 29. Rh3 Qg5 30. gxh5 Qf4+ 31. Rg3 Qh4+ 32. Rh3 Qf4+ 33. Rg3 Qh4+ 34. Kg1
Rg8 35. Qf3 Rg7 36. Kg2 Qf4 37. Rh1 Kg8 38. Ng4 Kf8 39. Nf6 Rd8 40. h6 Rg8 41.
Qxf4 exf4 42. Rg4 Rh8 43. Rh3 f3+ 44. Kxf3 Ke7 45. e5 dxe5 46. Ne4 f5 47. Rxg6
fxe4+ 48. Kxe4 Rdf8 49. Kxe5 Rxf2 50. Rg7+ Rf7 51. Rf3 Nd3+ 52. Rxd3 Rxh6 53.
d6+ 1-0

[Event "IX C.to Europeo a squadre"]
[Site "Haifa ISR"]
[Date "1989.11.??"]
[Round "9.3"]
[White "Tatai, Stefano"]
[Black "Schmidt, Wlodzimierz"]
[Result "1/2-1/2"]
[WhiteElo "2385"]
[BlackElo "2465"]
[Annotator "ITA-POL"]
[PlyCount "74"]
[EventDate "1989.11.23"]

1. e4 c5 2. Nf3 e6 3. d4 cxd4 4. Nxd4 Nf6 5. Nc3 d6 6. g4 h6 7. g5 hxg5 8. Bxg5
Nc6 9. Qd2 Qb6 10. Nb3 a6 11. O-O-O Bd7 12. h4 Be7 13. f4 O-O-O 14. Be2 d5 15.
exd5 Nb4 16. Qd4 Qxd4 17. Rxd4 Nbxd5 18. Nxd5 Nxd5 19. Bxe7 Nxe7 20. h5 Nf5 21.
Rc4+ Kb8 22. Bf3 Rc8 23. Rxc8+ Rxc8 24. Rd1 Ba4 25. Be4 Ng3 26. Bf3 Bc6 27. Bg4
Rh8 28. Rg1 Nxh5 29. Bxh5 Rxh5 30. Rxg7 Rf5 31. Rg4 e5 32. fxe5 Rxe5 33. Rf4 f5
34. Nd4 Be4 35. Rf2 Kc7 36. Ne2 Kd6 37. Ng3 Ke6 1/2-1/2

[Event "IX C.to Europeo a squadre"]
[Site "Haifa ISR"]
[Date "1989.11.??"]
[Round "9.4"]
[White "Kuczynski, Robert"]
[Black "Marinelli, Tullio"]
[Result "1-0"]
[WhiteElo "2470"]
[BlackElo "2375"]
[Annotator "ITA-POL"]
[PlyCount "51"]
[EventDate "1989.11.23"]

1. e4 c5 2. Nf3 d6 3. d4 cxd4 4. Nxd4 Nf6 5. Nc3 e6 6. a4 e5 7. Nf3 h6 8. Bc4
Be7 9. O-O O-O 10. Re1 Bg4 11. h3 Bh5 12. g4 Bg6 13. Nh4 Bh7 14. Nf5 Nc6 15.
Nd5 Nxd5 16. Bxd5 Qc7 17. c3 Nd8 18. Qb3 Rb8 19. Be3 Re8 20. Bxa7 Ra8 21. Bb6
Qd7 22. Bxd8 Bxd8 23. Nxd6 Qxd6 24. Bxf7+ Kf8 25. Bxe8 Kxe8 26. Qxb7 1-0

[Event "IX C.to Europeo a squadre"]
[Site "Haifa ISR"]
[Date "1989.11.??"]
[Round "9.5"]
[White "Sanna, Gianlazzaro"]
[Black "Stempin, Pawel"]
[Result "1-0"]
[WhiteElo "2370"]
[BlackElo "2405"]
[Annotator "ITA-POL"]
[PlyCount "97"]
[EventDate "1989.11.23"]

1. d4 Nf6 2. c4 e6 3. Nc3 d5 4. cxd5 exd5 5. Bg5 Nbd7 6. e3 Be7 7. Nf3 O-O 8.
Bd3 Re8 9. O-O c6 10. Qc2 g6 11. Rab1 Nh5 12. Bxe7 Rxe7 13. b4 a6 14. a4 Nb6
15. Rfc1 Ng7 16. b5 cxb5 17. axb5 a5 18. Na4 Nxa4 19. Qxa4 Bf5 20. Bxf5 Nxf5
21. Qa2 Re6 22. Rc5 Ne7 23. Ne5 a4 24. Nd3 Rd6 25. Rb4 Qa5 26. b6 Qa6 27. Rcb5
Nc6 28. Rb1 Rad8 29. Nc5 Qa8 30. Qxa4 Qc8 31. Rc1 h5 32. Rb2 h4 33. Rbc2 h3 34.
Nxb7 Qxb7 35. Rxc6 Qd7 36. Rxd6 Qxd6 37. Qc6 Qxc6 38. Rxc6 Rb8 39. g4 Kf8 40.
f4 Ke7 41. g5 Ra8 42. Rc1 Rb8 43. Rb1 Rb7 44. Kf2 Kd8 45. Kg3 Kc8 46. Kxh3 Re7
47. b7+ Kb8 48. Rb3 Re8 49. Kg4 1-0

[Event "IX C.to Europeo a squadre"]
[Site "Haifa ISR"]
[Date "1989.11.??"]
[Round "9.6"]
[White "Gdanski, Jacek"]
[Black "Lanzani, Mario"]
[Result "1-0"]
[WhiteElo "2405"]
[BlackElo "2310"]
[Annotator "ITA-POL"]
[PlyCount "77"]
[EventDate "1989.11.23"]

1. e4 Nf6 2. e5 Nd5 3. d4 d6 4. Nf3 Bg4 5. Be2 c6 6. O-O Bxf3 7. Bxf3 dxe5 8.
dxe5 e6 9. b3 Nd7 10. Bb2 Qc7 11. Re1 O-O-O 12. Bxd5 exd5 13. Nd2 Bc5 14. Kh1
Rhe8 15. f4 g6 16. Qg4 Kb8 17. Re2 Nf8 18. Rf1 h5 19. Qf3 Ne6 20. f5 Nd4 21.
Bxd4 Bxd4 22. fxg6 fxg6 23. e6 Be5 24. Qf7 Re7 25. Qxg6 Bxh2 26. Rf7 Bd6 27.
Nf3 Rde8 28. Nd4 Rxf7 29. exf7 Rxe2 30. Qg8+ Qc8 31. Nxe2 Kc7 32. Qxc8+ Kxc8
33. Nf4 Kd7 34. Ng6 Ke6 35. f8=Q Bxf8 36. Nxf8+ Ke5 37. Nd7+ Kd4 38. Nf6 h4 39.
Kh2 1-0